[Event "Eurasia Open Cup 2018"]
[Site "Jekaterienburg"]
[Date "2018.08.08"]
[Round "7"]
[White "Sarana, Alexey"]
[Black "Artemiev, Vladislav"]
[Result "1-0"]
[WhiteElo "2613"]
[BlackElo "2702"]
[Annotator "TA"]
[PlyCount "119"]
[EventDate "2018.08.01"]
[EventType "swiss"]
[EventCountry "RUS"]
[SourceTitle "playchess.com"]
[Source "ChessBase"]
[SourceQuality "1"]

{[%evp 15,119,22,23,32,40,18,29,13,52,43,51,45,48,51,52,45,46,38,122,130,112,122,116,119,122,113,116,116,137,138,143,138,134,137,123,118,120,117,150,135,137,114,108,104,128,85,129,117,119,131,112,104,112,113,148,158,162,55,191,152,262,268,240,138,170,162,292,283,281,256,256,253,190,150,198,185,1010,969,1182,1051,4972,3418,917,775,29960,29960,29963,29963,29963,29964,29963,29966,29966,29966,29966,29967,29967,29967,29970,29971,29972,29971,29960,29948,12849,12800]} 1. e4 c5 2. Nf3 e6 3. d4 cxd4 4. Nxd4 Nc6 5. Nc3 a6 6. Bf4 d6 7. Nxc6 {B46: Sicilian: Taimanov: 5 Nc3 a6} bxc6 8. Qd2 (8. Bc4 Nf6 9. O-O d5 10. Bb3 Be7 11. Ba4 Bd7 12. e5 Ng8 13. Ne2 Bc5 14. c4 Ne7 {½-½ (34) Harikrishna,P (2744)-Andreikin,D (2712) Huaian 2017}) 8... Be7 {LiveBook: 3 Games} 9. O-O-O {[%cal Rf4d6] White has an edge.} e5 10. Bg3 Nf6 11. Bc4 Be6 $146 ({Predecessor:} 11... O-O 12. Kb1 Be6 13. Qd3 Qc8 14. Na4 Bxc4 15. Qxc4 {0-1 (26) De la Villa Garcia,J (2495)-Bernal Moro,L (2430) Suances 1997}) 12. Bxe6 fxe6 13. f4 exf4 14. Bxf4 e5 15. Bg5 O-O 16. Qe2 Nxe4 (16... Qd7 $14) 17. Bxe7 $1 $16 Nxc3 18. Qc4+ d5 19. Qc5 $1 Ne4 ({But not} 19... Na4 $2 20. Qa3 $18) 20. Bxd8 Nxc5 21. Be7 Ne4 {Strongly threatening ...Rf2.} 22. Bxf8 Kxf8 {[%mdl 4096] Endgame KRR-KRN} 23. Rhf1+ Ke7 24. Rd3 Ra7 25. Rb3 Nf6 26. Rb8 e4 27. Kd2 Kd6 28. h3 {[%cal Bh2h3,Bh3h4,Bh4g5][%mdl 32]} a5 29. g4 h6 30. a4 Nh7 31. h4 Nf6 32. g5 hxg5 33. hxg5 Ng4 34. Rff8 Ne5 35. Rbd8+ Kc5 36. Ke3 (36. Ra8 $1 $18 {[%cal Ra8a7]} Rb7 37. Rxa5+ Kd4 38. b3 Nf3+ 39. Ke2) 36... Ng6 ({Better is} 36... Nc4+ $14 37. Ke2 Nxb2) 37. Ra8 $1 $18 {[%cal Ra8a7]} Rb7 (37... Re7 $16) 38. Rxa5+ Kc4 39. Rc8 (39. Re8 $18) 39... Ne7 $16 40. b3+ $1 Kc3 (40... Kb4 {might work better.} 41. Rca8 Nf5+ 42. Kf4 e3 43. Kxf5 Rf7+ 44. Kg6 Re7) 41. Rc5+ $18 Kb4 42. R5xc6 Nxc6 43. Rxc6 {KR-KR} Re7 44. g6 d4+ {[#]} 45. Ke2 $1 ({Don't go for} 45. Kxd4 $2 e3 $19) 45... d3+ $2 (45... Rd7 46. Kd2 Ka5 47. Rc5+ Kb4) 46. cxd3 Kxb3 47. d4 Kxa4 48. Ke3 Kb5 49. d5 Re5 50. Rc7 Rxd5 51. Kxe4 Rg5 52. Rxg7 Kc6 {[#]} 53. Kf4 $1 Rg1 54. Ke5 Re1+ 55. Kf6 Rf1+ 56. Ke7 Rg1 57. Rg8 Kc7 58. Kf7 Rf1+ 59. Kg7 Kd7 60. Ra8 {Precision: White = 63%, Black = 41%.} 1-0

[Event "Eurasia Open Cup 2018"]
[Site "Jekaterienburg"]
[Date "2018.08.08"]
[Round "7"]
[White "Kryakvin, Dmitry"]
[Black "Chigaev, Maksim"]
[Result "1/2-1/2"]
[WhiteElo "2591"]
[BlackElo "2577"]
[Annotator "TA"]
[PlyCount "28"]
[EventDate "2018.08.01"]
[EventType "swiss"]
[EventCountry "RUS"]
[SourceTitle "playchess.com"]
[Source "ChessBase"]
[SourceQuality "1"]

{[%evp 27,28,0,32]} 1. e4 e5 2. Nf3 Nc6 3. Bb5 a6 4. Ba4 Nf6 5. O-O Be7 6. Re1 b5 7. Bb3 d6 8. c3 O-O 9. h3 Bb7 10. d4 Re8 11. Ng5 $146 ({Vorgänger:} 11. a4 Bf8 12. Bg5 h6 13. Bxf6 Qxf6 14. Bd5 Rab8 15. Na3 exd4 16. axb5 axb5 17. cxd4 Nb4 18. Bxb7 Rxb7 19. d5 Na6 {1-0 (80) Sutovsky,E (2647)-Kovalev,V (2650) Poikovsky 2018}) 11... Rf8 12. Nf3 Re8 13. Ng5 Rf8 14. Nf3 Re8 1/2-1/2

[Event "Eurasia Open Cup 2018"]
[Site "Jekaterienburg"]
[Date "2018.08.08"]
[Round "7"]
[White "Timofeev, Artyom"]
[Black "Dilmukhametov, Artur"]
[Result "1-0"]
[WhiteElo "2590"]
[BlackElo "2354"]
[Annotator "RC"]
[PlyCount "91"]
[EventDate "2018.08.01"]
[EventType "swiss"]
[EventCountry "RUS"]
[SourceTitle "playchess.com"]
[Source "ChessBase"]
[SourceQuality "1"]
[TimeControl "5400+30"]

1. d4 {[%emt 0:00:00]} d5 {[%emt 0:00:00]} 2. c4 {[%emt 0:00:00]} c6 {[%emt 0:00:00]} 3. Nf3 {[%emt 0:00:00]} Nf6 {[%emt 0:00:10]} 4. Nc3 {[%emt 0:00:00]} dxc4 {[%emt 0:01:19]} 5. a4 {[%emt 0:00:16]} e6 {[%emt 0:00:00]} 6. e4 {[%emt 0:06:10]} Bb4 {[%emt 0:01:00]} 7. Bg5 {[%emt 0:00:58]} Qa5 {[%emt 0:01:55]} 8. Bd2 {[%emt 0:01:09]} O-O {[%emt 0:13:38]} 9. Bxc4 {[%emt 0:02:29]} c5 {[%emt 0:01:28]} 10. dxc5 {[%emt 0:03:20]} Qxc5 {[%emt 0:00:07]} 11. Qe2 {[%emt 0:00:40]} Nc6 {[%emt 0:08:30]} 12. O-O {[%emt 0:01:35]} e5 {[%emt 0:10:05]} 13. Be3 {[%emt 0:03:38]} Nd4 {[%emt 0:10:10]} 14. Bxd4 {[%emt 0:01:18]} exd4 {[%emt 0:02:20]} 15. Nd5 {[%emt 0:00:13]} Nxd5 {[%emt 0:01:23]} 16. Bxd5 {[%emt 0:00:08]} Be6 {[%emt 0:15:57]} 17. Bxe6 {[%emt 0:05:47]} fxe6 {[%emt 0:09:48]} 18. Rac1 {[%emt 0:00:08]} Qd6 {[%emt 0:00:00]} 19. Qc4 {[%emt 0:09:12]} Rad8 {[%emt 0:00:00]} 20. Rfd1 {[%emt 0:00:16]} Rxf3 {[%emt 0:01:24]} 21. gxf3 {[%emt 0:00:19]} d3 {[%emt 0:03:37]} 22. e5 {[%emt 0:02:34]} Qe7 {[%emt 0:00:00]} 23. Qe4 {[%emt 0:06:11]} d2 {[%emt 0:01:11]} 24. Rc4 {[%emt 0:00:08]} a5 {[%emt 0:00:00]} 25. h4 {[%emt 0:04:43]} h6 {[%emt 0:02:28]} 26. Rd4 {[%emt 0:06:08]} Rxd4 {[%emt 0:00:40]} 27. Qxd4 {[%emt 0:00:06]} Qe8 {[%emt 0:00:00]} 28. Qc4 {[%emt 0:03:32]} Qxa4 {[%emt 0:02:37]} 29. Qxe6+ {[%emt 0:02:15]} Kh7 {[%emt 0:00:49]} 30. b3 {[%emt 0:00:33]} Qb5 {[%emt 0:03:06]} 31. Qf5+ {[%emt 0:02:06]} Kg8 {[%emt 0:00:02]} 32. Qe4 {[%emt 0:01:00]} Kf7 {[%emt 0:02:00]} 33. f4 {[%emt 0:02:15]} Bc3 {[%emt 0:04:01]} 34. Qf3 {[%emt 0:00:39]} Qd7 {[%emt 0:03:06]} 35. Kf1 {[%emt 0:01:02]} Qb5+ {[%emt 0:00:16]} 36. Kg2 {[%emt 0:00:19]} Qd7 {[%emt 0:01:47]} 37. Kg3 {[%emt 0:04:38]} Bb4 {[%emt 0:01:35]} 38. Qe4 {[%emt 0:00:13]} Ke7 {[%emt 0:00:45]} 39. f5 {[%emt 0:05:18]} Qc7 {[%emt 0:00:22]} 40. f6+ {[%emt 0:06:38]} gxf6 {[%emt 0:00:16]} 41. Qh7+ {[%emt 0:00:17]} Kd8 {[%emt 0:00:32]} 42. Qxc7+ {[%emt 0:00:08]} Kxc7 {[%emt 0:00:04]} 43. exf6 {[%emt 0:00:05]} Kd6 {[%emt 0:00:04]} 44. Kf3 {[%emt 0:00:08]} Ke6 {[%emt 0:01:15]} 45. Ke2 {[%emt 0:00:06]} Kxf6 {[%emt 0:00:53]} 46. Rg1 {[%emt 0:00:08]} 1-0

[Event "Eurasia Open Cup 2018"]
[Site "Jekaterienburg"]
[Date "2018.08.08"]
[Round "7"]
[White "Rozum, Ivan"]
[Black "Tsydypov, Zhamsaran"]
[Result "1-0"]
[WhiteElo "2581"]
[BlackElo "2514"]
[Annotator "ChessBase"]
[PlyCount "93"]
[EventDate "2018.08.01"]
[EventType "swiss"]
[EventCountry "RUS"]
[SourceTitle "playchess.com"]
[Source "ChessBase"]
[SourceQuality "1"]
[TimeControl "5400+30"]

1. c4 {[%emt 0:03:25]} f5 {[%emt 0:01:43]} 2. d4 {[%emt 0:02:46]} Nf6 {[%emt 0:00:34]} 3. g3 {[%emt 0:01:01]} g6 {[%emt 0:00:36]} 4. Bg2 {[%emt 0:00:04]} Bg7 {[%emt 0:00:06]} 5. Nh3 {[%emt 0:04:07]} e6 {[%emt 0:02:04]} 6. Nf4 {[%emt 0:04:56]} O-O {[%emt 0:03:27]} 7. Nc3 {[%emt 0:01:49]} d6 {[%emt 0:00:19]} 8. Qb3 {[%emt 0:05:40]} c6 {[%emt 0:06:13]} 9. d5 {[%emt 0:01:38]} Na6 {[%emt 0:07:55]} 10. dxe6 {[%emt 0:11:18]} Nc5 {[%emt 0:01:45]} 11. Qc2 {[%emt 0:00:02]} g5 {[%emt 0:03:04]} 12. Nd3 {[%emt 0:02:11]} Nxe6 {[%emt 0:00:06]} 13. h4 {[%emt 0:03:36]} h6 {[%emt 0:02:05]} 14. hxg5 {[%emt 0:00:06]} hxg5 {[%emt 0:00:31]} 15. Kf1 {[%emt 0:13:33]} Bd7 {[%emt 0:10:08]} 16. Ne1 {[%emt 0:02:57]} Ng4 {[%emt 0:02:48]} 17. Nf3 {[%emt 0:03:16]} Qe7 {[%emt 0:06:21]} 18. Qd2 {[%emt 0:02:38]} Bf6 {[%emt 0:04:24]} 19. Bh3 {[%emt 0:03:22]} Rae8 {[%emt 0:04:58]} 20. e4 {[%emt 0:05:06]} Nxf2 {[%emt 0:10:03]} 21. Qxf2 {[%emt 0:06:31]} fxe4 {[%emt 0:10:36]} 22. Nxe4 {[%emt 0:02:04]} Nd4 {[%emt 0:01:20]} 23. Bxd7 {[%emt 0:04:51]} Qxe4 {[%emt 0:03:20]} 24. Bxe8 {[%emt 0:01:15]} Rxe8 {[%emt 0:03:02]} 25. Qe3 {[%emt 0:05:49]} Qg6 {[%emt 0:04:16]} 26. Rh6 {[%emt 0:01:00]} Qf7 {[%emt 0:01:12]} 27. Qf2 {[%emt 0:05:49]} Qxc4+ {[%emt 0:04:24]} 28. Kg1 {[%emt 0:00:43]} Re2 {[%emt 0:00:06]} 29. Qf1 {[%emt 0:01:38]} Nf5 {[%emt 0:01:31]} 30. Rg6+ {[%emt 0:00:46]} Kh7 {[%emt 0:00:12]} 31. Rxg5 {[%emt 0:00:42]} Bxg5 {[%emt 0:01:12]} 32. Nxg5+ {[%emt 0:00:02]} Kg6 {[%emt 0:00:17]} 33. Bf4 {[%emt 0:00:27]} Qd4+ {[%emt 0:03:39]} 34. Kh1 {[%emt 0:00:02]} Qh8+ {[%emt 0:00:15]} 35. Qh3 {[%emt 0:01:15]} Qxh3+ {[%emt 0:00:08]} 36. Nxh3 {[%emt 0:00:00]} Rxb2 {[%emt 0:00:07]} 37. g4 {[%emt 0:00:49]} Nh6 {[%emt 0:00:05]} 38. Bxh6 {[%emt 0:00:26]} Kxh6 {[%emt 0:00:02]} 39. Re1 {[%emt 0:00:33]} Rxa2 {[%emt 0:01:41]} 40. Re6+ {[%emt 0:00:02]} Kg7 {[%emt 0:00:05]} 41. Rxd6 {[%emt 0:00:16]} Rb2 {[%emt 0:00:09]} 42. g5 {[%emt 0:00:55]} Rb4 {[%emt 0:01:08]} 43. Kg2 {[%emt 0:00:14]} a5 {[%emt 0:00:12]} 44. Kf3 {[%emt 0:00:08]} a4 {[%emt 0:00:12]} 45. Nf4 {[%emt 0:00:07]} a3 {[%emt 0:01:16]} 46. Nh5+ {[%emt 0:01:19]} Kf8 {[%emt 0:00:11]} 47. g6 {[%emt 0:00:00]} 1-0

[Event "Eurasia Open Cup 2018"]
[Site "Jekaterienburg"]
[Date "2018.08.08"]
[Round "7"]
[White "Pridorozhni, Aleksei"]
[Black "Gutenev, Alexander"]
[Result "1-0"]
[WhiteElo "2564"]
[BlackElo "2470"]
[Annotator "TA"]
[PlyCount "71"]
[EventDate "2018.08.01"]
[EventType "swiss"]
[EventCountry "RUS"]
[SourceTitle "playchess.com"]
[Source "ChessBase"]
[SourceQuality "1"]

{[%evp 18,71,39,22,50,46,68,36,45,49,50,44,46,51,112,49,90,49,45,48,50,4,14,0,149,145,181,168,167,163,337,326,348,333,845,833,872,284,284,296,262,259,317,278,639,645,641,640,1707,1159,1042,954,1294,1198,12833,12830]} 1. c4 Nf6 2. Nc3 d5 3. cxd5 Nxd5 4. g3 g6 5. Bg2 Nxc3 6. bxc3 Bg7 7. h4 {[%cal Bh2h4,Bh4h5][%mdl 32]} h6 8. Rb1 Nc6 {A16: English Opening: 1...Nf6 with ...d5} 9. Nf3 O-O 10. O-O {LiveBook: 8 Games} b6 {The position is equal.} (10... e5 11. d3 Rb8 12. Be3 b6 13. Qd2 Kh7 14. Rfd1 Ne7 15. Qc2 Nf5 {0-1 (51) Mareco,S (2648)-Ipatov,A (2662) Saint Louis 2017}) 11. h5 Qd6 $146 ({Predecessor:} 11... gxh5 12. Rb5 Bg4 13. Nh2 Qd7 14. Nxg4 hxg4 15. Qa4 Rad8 {0-1 (44) Rasmussen,K (2417)-Mikhalevski,V (2532) Saint Vincent 2000}) 12. Qa4 Bd7 13. Ba3 Qe6 14. hxg6 fxg6 15. Qb3 Rfd8 (15... Qxb3 $14 16. axb3 Rab8) 16. d4 (16. Nh4 $16 {And now Bd5 would win.} Qxb3 17. axb3 (17. Rxb3 g5 $14)) 16... Qf7 17. Qxf7+ Kxf7 18. Nd2 Rac8 19. f4 Na5 $1 20. Nf3 $36 {[%mdl 2048] White has good play.} Bf5 {[#]} (20... c5 $11) 21. e4 $1 $16 {[%cal Re4f5][%mdl 512]} Bg4 (21... Bxe4 22. Ne5+) 22. Ne5+ Bxe5 23. fxe5+ (23. dxe5 Nc4 $17) 23... Ke6 $2 (23... Ke8) 24. d5+ $18 Kxe5 25. Bxe7 Rg8 $2 (25... Re8) 26. Rb4 h5 27. Bf6+ $2 (27. Rf7 {White threatens Bf6+ and mate.} Nc6 28. Bg5) 27... Kd6 28. e5+ {[%cal Be4e5,Be5e6,Be6e7][%mdl 32]} Kd7 29. Rbf4 c6 {Now ...cxd5 and Black clings on.} 30. Rd4 Kc7 $2 (30... Rce8 31. e6+ Kc8) 31. e6 {White is clearly winning.} cxd5 32. Rxd5 Rce8 33. Rd7+ Kc8 34. Rxa7 {[#] Intending Ra8+ and mate.} Nc4 35. e7 Ne3 36. Bc6 {Precision: White = 65%, Black = 20%.} 1-0

[Event "Eurasia Open Cup 2018"]
[Site "Jekaterienburg"]
[Date "2018.08.08"]
[Round "7"]
[White "Matsenko, Sergei"]
[Black "Drygalov, Andrey"]
[Result "1/2-1/2"]
[WhiteElo "2533"]
[BlackElo "2450"]
[Annotator "TA"]
[PlyCount "82"]
[EventDate "2018.08.01"]
[EventType "swiss"]
[EventCountry "RUS"]
[SourceTitle "playchess.com"]
[Source "ChessBase"]
[SourceQuality "1"]

{[%evp 25,82,9,10,6,21,0,12,-43,-43,-46,-5,-7,7,5,7,7,7,5,5,0,0,0,0,-7,0,0,0,0,0,0,11,4,8,0,0,0,0,0,0,0,0,0,0,0,0,0,0,0,0,0,0,0,0,0,0,0,0,0,4]} 1. d4 Nf6 2. c4 e6 3. Nc3 Bb4 4. e3 O-O 5. Bd3 d5 6. Nge2 dxc4 7. Bxc4 c5 8. O-O cxd4 9. exd4 Nc6 10. a3 Be7 11. Qd3 b6 12. Rd1 {E48: Nimzoindisch (Moderne Variante)} Bb7 13. Ba2 Rc8 {LiveBook: 3 Partien} 14. Nf4 Re8 $146 ({Vorgänger:} 14... Bd6 15. d5 exd5 16. Nfxd5 Nxd5 17. Qxd5 Be5 18. Qe4 Qc7 19. Nd5 Qb8 {1-0 (29) Dydyshko,V (2562)-Rachela,M (2349) Slovakia 2006}) 15. Be3 Bd6 16. h3 (16. d5 $11 exd5 17. Nfxd5) 16... Ne7 $15 17. d5 Nexd5 (17... e5 {feels hotter.} 18. Nfe2 e4 19. Qd2 Nf5 20. Nd4 Nxe3 21. Qxe3 Qd7) 18. Nfxd5 {Die Stellung ist ausgeglichen.} Nxd5 19. Nxd5 Bxd5 20. Bxd5 exd5 21. Qxd5 Be5 22. Qb7 Qc7 23. Qxc7 Rxc7 24. Rd2 h6 25. Rad1 Kf8 26. b3 Rc3 27. Rd7 Rc7 28. R7d5 f6 29. g4 Rc3 30. Rd7 Re7 31. R1d3 Rxd7 32. Rxd7 Rxb3 33. Rxa7 $11 {[%mdl 4096] Endspiel KTL-KTL} Bd6 34. a4 Bc5 35. Bxc5+ bxc5 {KT-KT} 36. Rc7 Ra3 37. Rxc5 Rxa4 38. Rc7 Kg8 39. Kg2 Ra3 40. h4 Rb3 41. h5 Ra3 {Precision: Weiß = 49%, Schwarz = 58%.} 1/2-1/2

[Event "Eurasia Open Cup 2018"]
[Site "Jekaterienburg"]
[Date "2018.08.08"]
[Round "7"]
[White "Kabanov, Nikolai"]
[Black "Grachev, Alexey"]
[Result "1-0"]
[WhiteElo "2475"]
[BlackElo "2277"]
[Annotator "ChessBase"]
[PlyCount "109"]
[EventDate "2018.08.01"]
[EventType "swiss"]
[EventCountry "RUS"]
[SourceTitle "playchess.com"]
[Source "ChessBase"]
[SourceQuality "1"]
[TimeControl "5400+30"]

1. Nf3 {[%emt 0:00:00]} d5 {[%emt 0:00:11]} 2. d4 {[%emt 0:00:06]} Nf6 {[%emt 0:00:18]} 3. Bf4 {[%emt 0:00:14]} c5 {[%emt 0:00:30]} 4. e3 {[%emt 0:00:10]} Nc6 {[%emt 0:00:55]} 5. c3 {[%emt 0:00:42]} e6 {[%emt 0:11:13]} 6. Nbd2 {[%emt 0:00:04]} cxd4 {[%emt 0:00:01]} 7. exd4 {[%emt 0:00:00]} Nh5 {[%emt 0:00:05]} 8. Be3 {[%emt 0:01:57]} Bd6 {[%emt 0:01:04]} 9. Ne5 {[%emt 0:06:26]} Nf6 {[%emt 0:03:10]} 10. f4 {[%emt 0:00:00]} Ne7 {[%emt 0:06:01]} 11. Bd3 {[%emt 0:02:30]} Nf5 {[%emt 0:01:28]} 12. Bf2 {[%emt 0:00:09]} h5 {[%emt 0:00:59]} 13. Qe2 {[%emt 0:02:50]} g6 {[%emt 0:05:14]} 14. Ndf3 {[%emt 0:02:38]} Ng4 {[%emt 0:08:09]} 15. O-O-O {[%emt 0:00:31]} Nxf2 {[%emt 0:04:33]} 16. Qxf2 {[%emt 0:00:22]} Bd7 {[%emt 0:00:13]} 17. Kb1 {[%emt 0:02:56]} b5 {[%emt 0:02:43]} 18. g3 {[%emt 0:00:50]} b4 {[%emt 0:11:37]} 19. c4 {[%emt 0:06:07]} dxc4 {[%emt 0:00:06]} 20. Bxc4 {[%emt 0:00:13]} Ne7 {[%emt 0:03:45]} 21. Ng5 {[%emt 0:04:54]} Bxe5 {[%emt 0:05:08]} 22. dxe5 {[%emt 0:00:12]} Qc7 {[%emt 0:00:50]} 23. Ne4 {[%emt 0:04:22]} Kf8 {[%emt 0:06:10]} 24. Nd6 {[%emt 0:03:13]} Bc6 {[%emt 0:02:03]} 25. Rhe1 {[%emt 0:00:39]} Kg7 {[%emt 0:01:25]} 26. Qd2 {[%emt 0:01:50]} Rab8 {[%emt 0:03:27]} 27. f5 {[%emt 0:06:30]} Nxf5 {[%emt 0:01:00]} 28. Qg5 {[%emt 0:00:52]} Rhf8 {[%emt 0:02:15]} 29. Bd3 {[%emt 0:13:33]} Nxd6 {[%emt 0:02:21]} 30. Qf6+ {[%emt 0:00:29]} Kg8 {[%emt 0:01:54]} 31. exd6 {[%emt 0:00:26]} Qd7 {[%emt 0:00:38]} 32. Bc4 {[%emt 0:01:06]} Rfe8 {[%emt 0:04:17]} 33. Re5 {[%emt 0:01:24]} Qd8 {[%emt 0:00:50]} 34. Qf4 {[%emt 0:00:13]} Rb6 {[%emt 0:02:52]} 35. h4 {[%emt 0:04:00]} Kg7 {[%emt 0:02:56]} 36. Qd4 {[%emt 0:00:56]} Kg8 {[%emt 0:00:40]} 37. Qf4 {[%emt 0:01:17]} Kg7 {[%emt 0:00:29]} 38. Rf1 {[%emt 0:01:21]} Rb7 {[%emt 0:01:30]} 39. g4 {[%emt 0:02:34]} Qxh4 {[%emt 0:01:08]} 40. Rg5 {[%emt 0:00:16]} hxg4 {[%emt 0:00:35]} 41. Rxg4 {[%emt 0:00:30]} Qh6 {[%emt 0:00:47]} 42. Qe5+ {[%emt 0:03:29]} Kg8 {[%emt 0:00:04]} 43. Bd3 {[%emt 0:00:18]} b3 {[%emt 0:03:11]} 44. a3 {[%emt 0:00:31]} f5 {[%emt 0:00:49]} 45. Rg3 {[%emt 0:01:18]} Kf7 {[%emt 0:00:15]} 46. Bc4 {[%emt 0:01:06]} Qh5 {[%emt 0:01:19]} 47. Rfg1 {[%emt 0:01:53]} Bd7 {[%emt 0:00:58]} 48. Rg5 {[%emt 0:00:31]} Qh7 {[%emt 0:00:21]} 49. Be2 {[%emt 0:08:01]} Qh8 {[%emt 0:00:40]} 50. Rxf5+ {[%emt 0:01:45]} exf5 {[%emt 0:00:17]} 51. Bc4+ {[%emt 0:00:06]} Be6 {[%emt 0:00:33]} 52. Bxe6+ {[%emt 0:00:07]} Rxe6 {[%emt 0:00:05]} 53. Qxh8 {[%emt 0:00:07]} Rb5 {[%emt 0:00:23]} 54. d7 {[%emt 0:00:39]} Rbe5 {[%emt 0:00:02]} 55. d8=N+ {[%emt 0:00:23]} 1-0

[Event "Eurasia Open Cup 2018"]
[Site "Jekaterienburg"]
[Date "2018.08.08"]
[Round "7"]
[White "Fakhrutdinov, Timur"]
[Black "Bocharov, Ivan"]
[Result "0-1"]
[WhiteElo "2463"]
[BlackElo "2552"]
[Annotator "TA"]
[PlyCount "84"]
[EventDate "2018.08.01"]
[EventType "swiss"]
[EventCountry "RUS"]
[SourceTitle "playchess.com"]
[Source "ChessBase"]
[SourceQuality "1"]

{[%evp 20,84,21,16,22,7,43,34,65,36,47,-46,-41,-50,-39,-153,-181,-177,-178,-172,-178,-174,-100,-112,-105,-175,-193,-202,-203,-195,-76,-123,-74,-105,-105,-168,-195,-263,-245,-204,-178,-333,-325,-414,-422,-434,-428,-430,-402,-447,-437,-452,-441,-395,-394,-456,-442,-1122,-979,-945,-822,-12845,-11902,-5457,-5369,-5369,-5281]} 1. e4 e5 2. Nf3 Nc6 3. Bc4 Bc5 4. O-O Nf6 5. d3 a6 6. c3 Ba7 7. Re1 d6 8. Bb3 O-O 9. h3 Be6 10. Bc2 {C54: Giuoco Piano: 4 c3 Nf6, main lines with 5 d4 and 5 d3} d5 11. exd5 {LiveBook: 12 Games} Nxd5 12. Nbd2 {The position is equal.} f6 $146 {[#]} ({Predecessor:} 12... Nf4 13. Nc4 Bxc4 14. dxc4 Qxd1 15. Rxd1 Ne2+ 16. Kf1 Nxc1 17. Raxc1 Rae8 {1-0 (116) Giri,A (2778)-Beliavsky,A (2622) Reykjavik 2015}) 13. d4 $1 {[%mdl 512]} Nf4 (13... exd4 14. Rxe6) 14. Ne4 Ng6 $1 {[%cal Re5d4]} 15. Neg5 (15. Bb3 $14 Bf7 16. Be3) 15... fxg5 $15 16. Nxg5 Bf5 $1 {[%cal Rf5c2] ...Bxc2 is the strong threat.} ({Weaker is} 16... Qf6 17. Nxe6 Qxf2+ 18. Kh1 $16) 17. Qh5 (17. Bb3+ $15 Kh8 18. Nxh7 $1 {[%mdl 512]}) 17... Nf4 $17 18. Bb3+ Kh8 $1 19. Bxf4 Bg6 20. Qe2 exf4 (20... Rxf4 $19 21. Ne6 Qf6 22. Nxf4 Qxf4 23. dxe5 Rf8) 21. Ne6 {[#]} f3 $1 {[%cal Rf3e2]} 22. Qd2 (22. Qf1 $17 Qd6 23. Nxf8 Rxf8 24. Re6 fxg2 25. Qxg2) (22. gxf3 Qh4) 22... Qh4 $19 23. Nxf8 Rxf8 24. Bd5 Ne7 (24... fxg2 $19 {aiming for ...Na5.} 25. Bxg2 Na5) 25. Bxf3 {[#]} Rxf3 $1 {[%mdl 512]} 26. gxf3 {[#]} Nd5 $1 $40 {[%cal Be7d5,Bd5f4,Bf4h3][%mdl 160] White must now prevent ...Nf4. White is in trouble.} 27. Qe2 {[#]} (27. f4 $17) 27... h5 $1 ({Inferior is} 27... Qg5+ 28. Kh1 $14) 28. f4 (28. Qe5 {was necessary.} Nf4 29. Re3) 28... Nxf4 29. Qf3 Nxh3+ 30. Kg2 $2 (30. Kf1 {is the only way for White.} Nf4 31. Re3) 30... Nf4+ 31. Kg1 c5 32. Rad1 cxd4 33. cxd4 Bb8 34. Re3 Bd6 35. a3 Bf7 {Strongly threatening ...Bd5.} 36. d5 Bg6 37. Rde1 Bf5 {Black is clearly winning.} 38. Re6 (38. Re5 $142 Bxe5 39. Rxe5) 38... Qg5+ 39. Kh1 Nxe6 40. dxe6 Qh4+ 41. Kg2 Qh2+ 42. Kf1 Bh3+ {Precision: White = 36%, Black = 76%.} 0-1

[Event "Eurasia Open Cup 2018"]
[Site "Jekaterienburg"]
[Date "2018.08.08"]
[Round "7"]
[White "Kozionov, Kirill"]
[Black "Pastukhov, Leonid"]
[Result "0-1"]
[WhiteElo "2461"]
[BlackElo "2166"]
[Annotator "TA"]
[PlyCount "50"]
[EventDate "2018.08.01"]
[EventType "swiss"]
[EventCountry "RUS"]
[SourceTitle "playchess.com"]
[Source "ChessBase"]
[SourceQuality "1"]

{[%evp 19,50,22,28,0,21,22,1,19,0,23,47,-13,-26,-47,0,0,0,-31,-22,0,81,-403,-399,-312,-290,-583,-592,-29992,-29993,-29993,-29994,-29994,-29995]} 1. d4 {Hertneck,G} d5 2. c4 e6 3. Nc3 Nf6 4. Nf3 c6 5. Bg5 Nbd7 6. e3 Be7 7. Bd3 dxc4 8. Bxc4 b5 9. Bd3 Bb7 {D53: Queen's Gambit Declined: 4 Bg5 Be7: Early deviations} 10. O-O a6 {LiveBook: 5 Games} 11. a4 (11. Rc1 {looks sharper.} O-O 12. a4 Rc8 13. Qe2 h6 14. Bh4) 11... b4 {The position is equal.} 12. Bxf6 gxf6 13. Ne4 f5 14. Ned2 c5 {[#]} 15. a5 $146 (15. Qe2 $14) ({Predecessor:} 15. e4 c4 16. Bb1 c3 17. bxc3 bxc3 {½-½ (47) Atalik,S (2570)-Hertneck,G (2524) Bad Wiessee 2003 EXT 2004 [Hertneck,G]}) 15... Rg8 $11 16. e4 cxd4 {aiming for ...Nc5.} (16... c4 $5 17. Bb1 c3 18. bxc3 bxc3 $15) 17. exf5 Nc5 $36 {[%mdl 2048] Black has good play.} 18. Qe2 Nxd3 19. Qxd3 {[#] Threatens to win with fxe6.} Qd5 (19... e5 $1 $11 {[%mdl 512]}) 20. Rac1 $2 {[%mdl 8192]} (20. fxe6 $16 Qxe6 21. Rac1 (21. Qxh7 Rxg2+ 22. Kxg2 Qg4+ 23. Kh1 Bxf3+ 24. Nxf3 Qxf3+ 25. Kg1 Qg4+ 26. Kh1 Qf3+ 27. Kg1 Qg4+ 28. Kh1 Qf3+ $11)) 20... Bg5 $1 $19 {[%cal Rg5d2] And now ...Bxd2 would win.} 21. fxe6 Bxd2 22. exf7+ $2 (22. Rc7 fxe6 23. Re1 Rxg2+ 24. Kxg2 Bxe1 {[#]} 25. Rxb7 $1 {[%mdl 512]} Qxb7 26. Qxd4) 22... Qxf7 23. Qxd2 {[#]} Rxg2+ $1 {[%mdl 512] Black mates.} 24. Kh1 (24. Kxg2 Qxf3+) 24... Qxf3 {[%cal Rg2g8]} 25. Rfe1+ Kf7 {Precision: White = 21%, Black = 83%.} 0-1